[Event "XIII Weekend A"]
[Site "Ivrea ITA"]
[Date "2008.03.15"]
[Round "2"]
[White "Di Chiara, Mauro"]
[Black "Caresana, Alessandro"]
[Result "1-0"]
[WhiteElo "1812"]
[BlackElo "2056"]
[PlyCount "61"]
[EventDate "2008.03.14"]

1. d4 g6 2. e4 Bg7 3. g3 d5 4. e5 c5 5. c3 Nc6 6. Ne2 f6 7. f4 Bg4 8. Bg2 Nh6
9. O-O O-O 10. dxc5 Bxe2 11. Qxe2 fxe5 12. Rd1 e6 13. fxe5 Rf5 14. Bh3 Rxe5 15.
Qd3 Qe7 16. Bf4 Qxc5+ 17. Kh1 Re4 18. Nd2 Rxf4 19. gxf4 Nf5 20. Nb3 Qf2 21.
Bxf5 gxf5 22. Qg3 Qxg3 23. hxg3 b6 24. Re1 Kf7 25. Rad1 Rc8 26. Rd2 a5 27. Rde2
a4 28. Nd2 d4 29. Nc4 Bf8 30. Rxe6 dxc3 31. Rxc6 1-0

[Event "XIII Weekend A"]
[Site "Ivrea ITA"]
[Date "2008.03.15"]
[Round "2"]
[White "Fortino, Fabrizio"]
[Black "Zunino, Davide"]
[Result "0-1"]
[WhiteElo "2068"]
[BlackElo "1969"]
[PlyCount "74"]
[EventDate "2008.03.14"]

1. e4 e5 2. f4 Bc5 3. Nf3 d6 4. c3 Bb6 5. d4 exd4 6. cxd4 Bg4 7. Be2 Nf6 8. Nc3
d5 9. e5 Ne4 10. O-O O-O 11. Be3 Nc6 12. h3 Bxf3 13. Rxf3 f5 14. Rc1 Ne7 15.
Kh2 Kh8 16. Bd3 c6 17. Qg1 Qd7 18. g4 g6 19. Ne2 Rf7 20. Qg2 Rg8 21. Rff1 Rgg7
22. Ng1 h6 23. Nf3 Rf8 24. Rg1 Rh7 25. Nh4 Rg8 26. Rcf1 a6 27. Qf3 Rhg7 28. Rg2
Qe6 29. Rfg1 Bd8 30. Qd1 Qd7 31. gxf5 Nxf5 32. Nxg6+ Kh7 33. Qh5 Qe6 34. Bxe4
dxe4 35. Rg5 Bxg5 36. Rxg5 Nxe3 37. f5 Nxf5 0-1

[Event "XIII Weekend A"]
[Site "Ivrea ITA"]
[Date "2008.03.15"]
[Round "2"]
[White "Giachino, Adriano"]
[Black "Bogatto, Mario"]
[Result "1-0"]
[WhiteElo "1535"]
[BlackElo "1519"]
[PlyCount "65"]
[EventDate "2008.03.14"]

1. e4 d6 2. d4 Nf6 3. Nc3 Bg4 4. Be2 Bxe2 5. Ngxe2 g6 6. Bg5 Bg7 7. Qd2 Nc6 8.
h4 h6 9. Bf4 e5 10. Bg3 Qd7 11. f4 exd4 12. Nxd4 Nxd4 13. Qxd4 Qg4 14. Ne2 O-O
15. Qd3 Rfe8 16. O-O-O Nxe4 17. Rhe1 Nxg3 18. Nxg3 Qxf4+ 19. Kb1 Rxe1 20. Rxe1
Qb4 21. c3 Qc5 22. Ne4 Qe5 23. Rf1 Re8 24. Re1 f5 25. Nf6+ Qxf6 26. Rxe8+ Kh7
27. Qc4 g5 28. h5 Bf8 29. Qxc7+ Kg8 30. Qxb7 f4 31. Qd5+ Kg7 32. Re6 Qd8 33.
Rg6+ 1-0

[Event "XIII Weekend A"]
[Site "Ivrea ITA"]
[Date "2008.03.15"]
[Round "2"]
[White "Giunto, Andrea"]
[Black "Bisi, Samuele"]
[Result "1-0"]
[WhiteElo "1554"]
[BlackElo "1530"]
[PlyCount "125"]
[EventDate "2008.03.14"]

1. e4 e6 2. d4 d5 3. e5 c5 4. Nf3 Nc6 5. c3 Qb6 6. a3 cxd4 7. cxd4 Nge7 8. Bd3
Bd7 9. Bc2 Ng6 10. b4 Be7 11. Bxg6 fxg6 12. Nc3 O-O 13. Be3 Qc7 14. Rc1 a6 15.
O-O b5 16. Qb3 Kh8 17. Kh1 Qb6 18. Rb1 Rfc8 19. Na2 a5 20. Rfc1 axb4 21. Nxb4
Nxb4 22. Rxc8+ Rxc8 23. axb4 Rc4 24. Bd2 h6 25. Qd3 Be8 26. g3 Kg8 27. h4 Bf7
28. Qa3 Qb7 29. Ra1 Rc8 30. Qa6 Qxa6 31. Rxa6 Rb8 32. g4 Kf8 33. Kg2 Rb7 34.
Kg3 Bd8 35. g5 h5 36. Ne1 Ke7 37. Nd3 Bb6 38. Be3 Kd7 39. Nc5+ Bxc5 40. dxc5
Kc7 41. c6 Rb8 42. Ra7+ Kxc6 43. Rxf7 Rb7 44. Rxb7 Kxb7 45. Bc5 Kc6 46. Kf4 Kd7
47. Ke3 Kc6 48. Kd4 Kb7 49. Bf8 Kc6 50. Bxg7 Kc7 51. Kc5 Kb7 52. Kxb5 Kc7 53.
Kc5 Kb7 54. Bf8 Kc7 55. Bd6+ Kb7 56. b5 Ka7 57. Kc6 d4 58. Bc5+ Kb8 59. Bxd4
Ka8 60. Bc5 Kb8 61. Bd6+ Ka8 62. Kc7 Ka7 63. b6+ 1-0

[Event "XIII Weekend A"]
[Site "Ivrea ITA"]
[Date "2008.03.15"]
[Round "2"]
[White "Liviabella, Lucio"]
[Black "Favoni, Matteo"]
[Result "0-1"]
[WhiteElo "1475"]
[BlackElo "1900"]
[PlyCount "100"]
[EventDate "2008.03.14"]

1. e4 c5 2. Nf3 d6 3. d4 cxd4 4. Nxd4 Nf6 5. Nc3 a6 6. Be2 e5 7. Nb3 Be7 8. Be3
Be6 9. Qd2 Nbd7 10. O-O-O Rc8 11. f4 b5 12. Bf3 b4 13. Nd5 Nxd5 14. exd5 Bf5
15. c3 bxc3 16. bxc3 O-O 17. g4 exf4 18. Bxf4 Bf6 19. Nd4 Qa5 20. Nc6 Bxc3 21.
Nxa5 Bxa5+ 22. Kb2 Bxd2 23. Rxd2 Bg6 24. h4 Nb6 25. Ka1 Nc4 26. Rdd1 Rb8 27. h5
Na3 28. Rd2 Nc2+ 29. Rxc2 Bxc2 30. Bxd6 Rbd8 31. Bxf8 Kxf8 32. Kb2 Ba4 33. Be4
h6 34. Rc1 Bd7 35. Bf3 Ke7 36. Rc7 Rb8+ 37. Kc3 Rb5 38. a4 Rb1 39. Ra7 Ra1 40.
Kb3 Re1 41. Kc4 Rf1 42. Be2 Rf4+ 43. Kb3 Kd6 44. Rxa6+ Kxd5 45. Ra5+ Ke4 46.
Rc5 Rf2 47. Rc4+ Ke3 48. Bd1 Be6 49. a5 Rd2 50. Kb4 Bxc4 0-1

[Event "XIII Weekend A"]
[Site "Ivrea ITA"]
[Date "2008.03.15"]
[Round "2"]
[White "Marguerettaz, Davy"]
[Black "Scarrone, Alberto"]
[Result "1/2-1/2"]
[WhiteElo "1978"]
[BlackElo "1784"]
[PlyCount "34"]
[EventDate "2008.03.14"]

1. d4 d5 2. c4 e6 3. Nc3 Nf6 4. Bg5 Be7 5. cxd5 exd5 6. e3 Bf5 7. Qb3 Nbd7 8.
Bxf6 Nxf6 9. Qxb7 O-O 10. O-O-O Ne4 11. Nxe4 Bxe4 12. f3 Bg6 13. Bd3 Qd6 14.
Qb3 Rab8 15. Qc2 Bxd3 16. Rxd3 Rfc8 17. Rc3 Qa6 1/2-1/2

[Event "XIII Weekend A"]
[Site "Ivrea ITA"]
[Date "2008.03.15"]
[Round "2"]
[White "Menniti, Domenico"]
[Black "Tricerri, Pierino"]
[Result "1-0"]
[WhiteElo "1515"]
[BlackElo "1512"]
[PlyCount "55"]
[EventDate "2008.03.14"]

1. c4 e6 2. Nc3 Nf6 3. g3 d5 4. cxd5 exd5 5. d4 Bb4 6. Bg2 O-O 7. Nf3 Be6 8.
O-O Nc6 9. a3 Ba5 10. b4 Bb6 11. Bb2 Qd7 12. Rc1 Bh3 13. Re1 Bxg2 14. Kxg2 Ne7
15. a4 c6 16. Ba3 Rfe8 17. a5 Bc7 18. Qb3 Qg4 19. b5 Ng6 20. bxc6 bxc6 21. a6
Nh5 22. e3 Ne7 23. Qb7 Bxg3 24. hxg3 Nf5 25. Rh1 Nhxg3 26. Ne5 Qg5 27. Qxf7+
Kh8 28. Ng6+ 1-0

[Event "XIII Weekend A"]
[Site "Ivrea ITA"]
[Date "2008.03.15"]
[Round "2"]
[White "Paonessa, Denis"]
[Black "Mazzeschi, Marco"]
[Result "0-1"]
[WhiteElo "1960"]
[BlackElo "1552"]
[PlyCount "130"]
[EventDate "2008.03.14"]

1. d4 Nf6 2. Bg5 e6 3. e4 Be7 4. Bd3 h6 5. Bxf6 Bxf6 6. e5 Be7 7. Qg4 g6 8. h4
h5 9. Qg3 c5 10. Nf3 cxd4 11. Nxd4 Qb6 12. Nb3 d6 13. N1d2 Nc6 14. Nc4 Qd8 15.
exd6 Bf6 16. O-O-O Bd7 17. f4 Bg7 18. Ne5 Qf6 19. Rhe1 Nxe5 20. fxe5 Qd8 21.
Rf1 O-O 22. Kb1 Qb6 23. Qg5 a5 24. Rf6 a4 25. Nd2 a3 26. Nc4 Qb4 27. c3 Qc5 28.
Qd2 axb2 29. Re1 b5 30. Nxb2 Qd5 31. Nd1 Rxa2 32. Qxa2 Qxd3+ 33. Qc2 Qxc2+ 34.
Kxc2 Bxf6 35. exf6 Ra8 36. Nb2 Ra6 37. Rd1 Kf8 38. Rd4 Ke8 39. Kb3 Bc6 40. Nd3
Bd5+ 41. Rxd5 exd5 42. d7+ Kd8 43. Nc5 Rxf6 44. Kb4 Rf4+ 45. Kxb5 Rf6 46. g3
Kc7 47. c4 dxc4 48. Kxc4 Rf3 49. Nd3 Rxd3 50. Kxd3 Kxd7 51. Ke4 Ke6 52. Kf4 Kf6
53. g4 hxg4 54. Kxg4 Kg7 55. Kg5 f6+ 56. Kg4 Kh6 57. Kf4 f5 58. Kf3 Kh5 59. Kg3
f4+ 60. Kh3 f3 61. Kg3 f2 62. Kxf2 Kxh4 63. Kg1 Kg3 64. Kf1 g5 65. Kg1 g4 0-1

[Event "XIII Weekend A"]
[Site "Ivrea ITA"]
[Date "2008.03.15"]
[Round "2"]
[White "Ranieri, Fabrizio"]
[Black "Razzano, Lorenzo"]
[Result "1-0"]
[WhiteElo "2238"]
[BlackElo "1895"]
[PlyCount "67"]
[EventDate "2008.03.14"]

1. e4 Nc6 2. d4 e5 3. d5 Nce7 4. Nf3 Ng6 5. Bb5 a6 6. Ba4 Nf6 7. Qe2 Bb4+ 8. c3
Be7 9. h4 h5 10. Ng5 b5 11. Bc2 d6 12. a4 Bd7 13. axb5 axb5 14. Rxa8 Qxa8 15.
g3 c6 16. dxc6 Bxc6 17. O-O O-O 18. Na3 Qb7 19. Bd3 Rb8 20. Nc2 Nf8 21. Nb4 Bd7
22. Be3 Ne6 23. Qf3 Nxg5 24. Bxg5 Bg4 25. Qe3 Qd7 26. Ra1 Be6 27. Ra7 Rb7 28.
Ra8+ Kh7 29. Qe2 g6 30. Ra5 Ra7 31. Bxb5 Qc7 32. Rxa7 Qxa7 33. Nc6 Qa1+ 34. Qf1
1-0

[Event "XIII Weekend A"]
[Site "Ivrea ITA"]
[Date "2008.03.15"]
[Round "2"]
[White "Raviola, Piergiorgio"]
[Black "Vigliocco, Davide"]
[Result "1-0"]
[WhiteElo "1508"]
[BlackElo "1500"]
[PlyCount "103"]
[EventDate "2008.03.14"]

1. e4 e6 2. d4 d5 3. exd5 exd5 4. Nf3 Nc6 5. Bb5 Bd7 6. O-O Bd6 7. Re1+ Nge7 8.
Nc3 O-O 9. Bg5 f6 10. Bh4 a6 11. Bd3 Bf5 12. Bg3 Bxg3 13. fxg3 Re8 14. Bxf5
Nxf5 15. Rxe8+ Qxe8 16. Nxd5 Qd8 17. c4 Ncxd4 18. Nxd4 Nxd4 19. Qxd4 c6 20.
Nxf6+ Qxf6 21. Qxf6 gxf6 22. Rd1 Rf8 23. Rd7 Rf7 24. Rd6 Kf8 25. b4 Ke7 26. c5
Rf8 27. Kf2 Rd8 28. Rxd8 Kxd8 29. Ke3 Ke7 30. Ke4 Ke6 31. g4 Ke7 32. h4 h6 33.
g3 Ke6 34. a3 Ke7 35. Kf5 Kf7 36. g5 fxg5 37. hxg5 hxg5 38. Kxg5 Ke6 39. Kf4
Kd5 40. g4 a5 41. g5 axb4 42. axb4 Kc4 43. g6 Kxb4 44. g7 Kxc5 45. g8=Q b5 46.
Ke4 Kb4 47. Kd3 c5 48. Kc2 c4 49. Qf8+ Ka4 50. Kc3 Ka5 51. Qb4+ Kb6 52. Kd4 1-0

[Event "XIII Weekend A"]
[Site "Ivrea ITA"]
[Date "2008.03.15"]
[Round "2"]
[White "Termini, Luigi Robert"]
[Black "Santia', Andrea"]
[Result "1-0"]
[WhiteElo "1459"]
[BlackElo "1467"]
[PlyCount "93"]
[EventDate "2008.03.14"]

1. c4 e5 2. Nc3 Nf6 3. Nf3 Nc6 4. g3 Bc5 5. Bg2 d6 6. O-O O-O 7. a3 Be6 8. d3
d5 9. b4 Bd4 10. Nxd4 Nxd4 11. e3 Nc6 12. c5 b6 13. b5 Na5 14. Na4 bxc5 15.
Nxc5 Bd7 16. a4 Rb8 17. Ba3 Re8 18. Qc2 c6 19. Nxd7 Qxd7 20. Bb4 Qc7 21. Qc3
Nb7 22. bxc6 Nd6 23. Ba5 Qc8 24. Qc5 Nf5 25. Rfb1 Qa6 26. Rb5 Rec8 27. Bxd5
Nxd5 28. Qxd5 Ne7 29. Qc4 Nxc6 30. Rxb8 Nxb8 31. Qxa6 Nxa6 32. d4 f6 33. Kg2
Rc4 34. dxe5 fxe5 35. Ra2 Nc5 36. Bc7 e4 37. a5 Kf7 38. Be5 Nd3 39. Bd4 a6 40.
Kh3 Kg6 41. g4 Nb4 42. Rb2 Nd3 43. Rb6+ Kg5 44. Kg3 Nb4 45. Bxg7 Rc7 46. Bf8
Nd3 47. Bh6# 1-0

[Event "XIII Weekend A"]
[Site "Ivrea ITA"]
[Date "2008.03.15"]
[Round "2"]
[White "Zannoni, Gianni"]
[Black "Sorcinelli, Francesco"]
[Result "0-1"]
[WhiteElo "1874"]
[BlackElo "2119"]
[PlyCount "58"]
[EventDate "2008.03.14"]

1. Nf3 d6 2. g3 f5 3. Bg2 Nf6 4. O-O g6 5. d3 Bg7 6. Nbd2 O-O 7. c3 c6 8. Qc2
e5 9. e4 Qe8 10. Nc4 Qe7 11. Bg5 h6 12. Bxf6 Bxf6 13. Rad1 Be6 14. Ncd2 g5 15.
exf5 Bxf5 16. Ne4 Bg7 17. Rfe1 Bg4 18. Re3 d5 19. Ned2 Qd6 20. h3 Bh5 21. Rde1
Nd7 22. d4 e4 23. Nh2 Rf7 24. g4 Bg6 25. Qd1 c5 26. dxc5 Nxc5 27. Bxe4 dxe4 28.
Qe2 Raf8 29. Qc4 Qxd2 0-1

[Event "XIII Weekend A"]
[Site "Ivrea ITA"]
[Date "2008.03.15"]
[Round "3"]
[White "Bisi, Samuele"]
[Black "Bellafiore, Enzo"]
[Result "1-0"]
[WhiteElo "1530"]
[BlackElo "1631"]
[PlyCount "55"]
[EventDate "2008.03.14"]

1. d4 d5 2. c4 c6 3. cxd5 cxd5 4. Nc3 Nf6 5. Bg5 e6 6. e3 Be7 7. Bd3 O-O 8. Nf3
b6 9. O-O Bb7 10. Rc1 a6 11. Qc2 Nbd7 12. Ne5 h6 13. Bh4 Rc8 14. Qd2 Ne4 15.
Nxe4 dxe4 16. Rxc8 Bxc8 17. Bxe7 Qxe7 18. Nxd7 Qxd7 19. Bxe4 Bb7 20. Bxb7 Qxb7
21. f3 Rd8 22. Rd1 f5 23. Qc3 Rc8 24. Qb3 Qd5 25. Qxb6 Qxa2 26. d5 Rc2 27. d6
Rxb2 28. Qxb2 1-0

[Event "XIII Weekend A"]
[Site "Ivrea ITA"]
[Date "2008.03.15"]
[Round "3"]
[White "Caresana, Alessandro"]
[Black "Menniti, Domenico"]
[Result "1-0"]
[WhiteElo "2056"]
[BlackElo "1515"]
[PlyCount "99"]
[EventDate "2008.03.14"]

1. d4 d5 2. c4 e6 3. Nc3 Nf6 4. cxd5 exd5 5. Bg5 c6 6. e3 Be7 7. Qc2 O-O 8. Bd3
g6 9. Nge2 Be6 10. O-O Nbd7 11. f4 Ng4 12. Bxe7 Qxe7 13. Rf3 Qh4 14. h3 Ngf6
15. f5 Bxf5 16. Bxf5 gxf5 17. Qxf5 Kh8 18. Raf1 Rg8 19. Rf4 Qh6 20. h4 Rg6 21.
e4 dxe4 22. Nxe4 Re8 23. N2g3 Qg7 24. Nxf6 Nxf6 25. R4f3 Kg8 26. Qh3 Nd5 27.
Nf5 Qf8 28. h5 Rg5 29. Rg3 f6 30. Rxg5+ fxg5 31. h6 Nf4 32. Qb3+ Kh8 33. Qxb7
Re2 34. Rf2 Rxf2 35. Qg7+ Qxg7 36. hxg7+ Kg8 37. Kxf2 Nd3+ 38. Ke3 Nxb2 39. Ke4
Kf7 40. g4 Na4 41. Ke5 Nc3 42. g8=Q+ Kxg8 43. Ne7+ Kf7 44. Nxc6 Nxa2 45. d5 Nc3
46. d6 Ne4 47. d7 Nf6 48. d8=Q Nxg4+ 49. Kf5 Ne3+ 50. Ke4 1-0

[Event "XIII Weekend A"]
[Site "Ivrea ITA"]
[Date "2008.03.15"]
[Round "3"]
[White "Castaldo, Folco"]
[Black "Di Chiara, Mauro"]
[Result "1-0"]
[WhiteElo "2349"]
[BlackElo "1812"]
[PlyCount "53"]
[EventDate "2008.03.14"]

1. d4 d6 2. Nf3 g6 3. c4 f5 4. Nc3 Nf6 5. Bf4 Bg7 6. e3 O-O 7. Be2 c6 8. h3 Na6
9. Rb1 Nd7 10. O-O e5 11. Bh2 Qe7 12. b4 e4 13. Nd2 Nf6 14. c5 Ne8 15. Bxa6
bxa6 16. Qa4 dxc5 17. bxc5 Qe6 18. Nc4 g5 19. Nd6 Qd7 20. Qc4+ Kh8 21. d5 Nxd6
22. Bxd6 Re8 23. Rfd1 Bb7 24. Qb3 cxd5 25. Qxb7 Qxb7 26. Rxb7 Bxc3 27. Rxd5 1-0

[Event "XIII Weekend A"]
[Site "Ivrea ITA"]
[Date "2008.03.15"]
[Round "3"]
[White "Costabloz, Giammarco"]
[Black "Crepaldi, Marco"]
[Result "0-1"]
[WhiteElo "1625"]
[BlackElo "1836"]
[PlyCount "62"]
[EventDate "2008.03.14"]

1. e4 c5 2. Nf3 d6 3. d4 cxd4 4. Nxd4 Nf6 5. Nc3 a6 6. Be3 Ng4 7. Bc1 Nf6 8. f3
e5 9. Nb3 Qb6 10. Bc4 Be6 11. Bxe6 fxe6 12. Qe2 Nbd7 13. Be3 Qc7 14. O-O-O Be7
15. g4 Nb6 16. g5 Nfd7 17. h4 Nc4 18. Kb1 Rc8 19. Rc1 Nxb2 20. Kxb2 Qxc3+ 21.
Kb1 O-O 22. Rhf1 d5 23. Bd2 Qc7 24. c3 Ba3 25. Rc2 d4 26. Be1 Qb6 27. Ka1 Nc5
28. Nxc5 Rxc5 29. cxd4 exd4 30. Rf2 Rb5 31. Qd1 d3 0-1

[Event "XIII Weekend A"]
[Site "Ivrea ITA"]
[Date "2008.03.15"]
[Round "3"]
[White "Favoni, Matteo"]
[Black "Ranieri, Fabrizio"]
[Result "0-1"]
[WhiteElo "1900"]
[BlackElo "2238"]
[PlyCount "54"]
[EventDate "2008.03.14"]

1. d4 e6 2. c4 d5 3. Nc3 Nf6 4. Nf3 Be7 5. Bg5 O-O 6. e3 Nbd7 7. Rc1 c6 8. Bd3
a6 9. O-O dxc4 10. Bxc4 b5 11. Bd3 c5 12. Re1 Bb7 13. a3 Rc8 14. Qe2 Re8 15.
Red1 cxd4 16. exd4 h6 17. Bh4 Nb6 18. Ne5 Nbd5 19. Bxf6 Nxf6 20. Bb1 Nd5 21.
Qd3 f5 22. Ba2 Bg5 23. Rc2 Qd6 24. g3 Bf6 25. Re2 Nxc3 26. bxc3 Qxa3 27. Qxf5
Qxa2 0-1

[Event "XIII Weekend A"]
[Site "Ivrea ITA"]
[Date "2008.03.15"]
[Round "3"]
[White "Liviabella, Lucio"]
[Black "Giunto, Andrea"]
[Result "0-1"]
[WhiteElo "1475"]
[BlackElo "1554"]
[PlyCount "150"]
[EventDate "2008.03.14"]

1. e4 c5 2. Nf3 d6 3. d4 cxd4 4. Nxd4 Nf6 5. Nc3 g6 6. Be2 Bg7 7. Be3 O-O 8.
Qd2 Nc6 9. Nxc6 bxc6 10. Bh6 Be6 11. Bxg7 Kxg7 12. h4 h5 13. f3 Rb8 14. b3 Qa5
15. f4 Kh7 16. O-O Bg4 17. Bxg4 Nxg4 18. Rf3 Qc5+ 19. Kh1 Rb4 20. Rd1 Nf6 21.
Qd3 Ng4 22. Rd2 f5 23. a3 Rb7 24. b4 fxe4 25. Nxe4 Qb5 26. Ng5+ Kh6 27. Qc3 Rf6
28. Ne4 Rf8 29. Qb3 Qa6 30. Ng5 c5 31. Ne6 Rh8 32. Ng5 Rf8 33. c3 c4 34. Qb2
Qc6 35. Qc2 Rb5 36. Ne6 Re5 37. Re2 Rxe2 38. Qxe2 Rf7 39. Nd8 Qd5 40. Nxf7+
Qxf7 41. g3 Qd5 42. Kg2 e5 43. Kh3 e4 44. Rf1 Qd3 45. Re1 Qxc3 46. Kg2 d5 47.
Kh3 d4 48. Qf1 Qc2 49. Re2 Qd3 50. Qe1 c3 51. f5 gxf5 52. Qc1+ e3 53. Qc2 Qxc2
54. Rxc2 Nf6 55. Kg2 Nd5 56. Kf3 d3 57. Rxc3 e2 58. Rc6+ Kg7 59. Kf2 Ne3 60.
Re6 Nc2 61. b5 d2 62. Kxe2 Nd4+ 63. Kxd2 Nxe6 64. a4 Kf6 65. Ke3 Ke5 66. a5 Nd8
67. a6 Ne6 68. Kd3 Nd4 69. Kc4 Ne6 70. b6 axb6 71. Kb5 Nc7+ 72. Kxb6 Nxa6 73.
Kxa6 Ke4 74. Kb5 Kf3 75. Kc4 Kxg3 0-1

[Event "XIII Weekend A"]
[Site "Ivrea ITA"]
[Date "2008.03.15"]
[Round "3"]
[White "Raviola, Piergiorgio"]
[Black "Zannoni, Gianni"]
[Result "0-1"]
[WhiteElo "1508"]
[BlackElo "1874"]
[PlyCount "124"]
[EventDate "2008.03.14"]

1. e4 d6 2. d4 Nf6 3. Nc3 c6 4. Nf3 Bg4 5. Be2 e6 6. O-O Be7 7. Bf4 O-O 8. h3
Bh5 9. Bg3 Nbd7 10. e5 dxe5 11. Nxe5 Bxe2 12. Qxe2 Nd5 13. Ne4 h6 14. c3 Rc8
15. Rad1 N7f6 16. Nxf6+ Nxf6 17. Rfe1 Qa5 18. a3 Rcd8 19. Bh4 c5 20. Bxf6 Bxf6
21. Ng4 Bg5 22. dxc5 Qxc5 23. Rxd8 Rxd8 24. Rd1 Rd5 25. Rxd5 Qxd5 26. c4 Qd2
27. Qxd2 Bxd2 28. b3 Kf8 29. Kf1 Ke7 30. Ke2 Bc1 31. a4 Ba3 32. Ne5 f6 33. Nd3
a5 34. f3 Kd6 35. Nf4 f5 36. Kd3 Bb2 37. c5+ Ke5 38. g3 g5 39. Ng6+ Kd5 40. Nf8
Ba3 41. Nd7 Bxc5 42. Nf6+ Kd6 43. Kc4 b6 44. Ng8 h5 45. Nf6 h4 46. gxh4 gxh4
47. Nh5 Ke5 48. Kd3 Bf8 49. Kc4 Bh6 50. Kb5 Be3 51. b4 axb4 52. Kxb4 Kd5 53.
Kb5 e5 54. Ng7 f4 55. Nf5 Bf2 56. Nh6 e4 57. fxe4+ Kxe4 58. Ng4 Bd4 59. Kc4 f3
60. Nh2 Bc5 61. Kb5 Bg1 62. Nf1 Kd3 0-1

[Event "XIII Weekend A"]
[Site "Ivrea ITA"]
[Date "2008.03.15"]
[Round "3"]
[White "Razzano, Lorenzo"]
[Black "Blundo, Michele"]
[Result "1-0"]
[WhiteElo "1895"]
[BlackElo "1897"]
[PlyCount "59"]
[EventDate "2008.03.14"]

1. e4 c5 2. Nf3 d6 3. d3 Nf6 4. Nbd2 g6 5. g3 Bg7 6. Bg2 O-O 7. O-O Nc6 8. h3
Qc7 9. c3 b6 10. Nc4 b5 11. Ne3 e6 12. Nh2 Bb7 13. f4 Rad8 14. Neg4 Na5 15. Qe2
a6 16. Nxf6+ Bxf6 17. f5 exf5 18. exf5 Rde8 19. Qf2 Bxg2 20. Qxg2 gxf5 21. Bh6
Bg7 22. Qd2 Bxh6 23. Qxh6 Re6 24. Qf4 Rfe8 25. Nf3 Rg6 26. Nh4 Rxg3+ 27. Qxg3+
Kh8 28. Rxf5 h6 29. Qf4 Rg8+ 30. Kh2 1-0

[Event "XIII Weekend A"]
[Site "Ivrea ITA"]
[Date "2008.03.15"]
[Round "3"]
[White "Termini, Luigi Robert"]
[Black "Giachino, Adriano"]
[Result "1-0"]
[WhiteElo "1459"]
[BlackElo "1535"]
[PlyCount "69"]
[EventDate "2008.03.14"]

1. c4 c5 2. Nc3 Nc6 3. Nf3 g6 4. g3 Bg7 5. Bg2 d6 6. O-O Bf5 7. Nd5 e5 8. Ne3
Be6 9. d3 Qd7 10. Nd5 Nf6 11. e4 Bh3 12. Bxh3 Qxh3 13. Nc7+ Ke7 14. Nxa8 Rxa8
15. Ng5 Qd7 16. Kg2 Nd4 17. Nf3 Rh8 18. Nxd4 cxd4 19. b4 h5 20. h4 Nh7 21. f4
Bf6 22. f5 Rg8 23. fxg6 Rxg6 24. Qxh5 Nf8 25. Rf5 Ne6 26. Qf3 Qe8 27. h5 Ng5
28. Bxg5 Rxg5 29. Rxf6 Qg8 30. Rf1 Rg7 31. h6 Rh7 32. Qh5 a6 33. a4 Qf8 34. g4
Qg8 35. g5 1-0

[Event "XIII Weekend A"]
[Site "Ivrea ITA"]
[Date "2008.03.15"]
[Round "3"]
[White "Tricerri, Pierino"]
[Black "Bogatto, Mario"]
[Result "1-0"]
[WhiteElo "1512"]
[BlackElo "1519"]
[PlyCount "73"]
[EventDate "2008.03.14"]

1. d4 e6 2. c4 Nf6 3. Nc3 Nc6 4. e4 d6 5. Bg5 Be7 6. a3 h6 7. Bh4 a5 8. Rb1 O-O
9. b4 Nh7 10. Bg3 Bf6 11. b5 Ne7 12. e5 dxe5 13. dxe5 Qxd1+ 14. Rxd1 Bg5 15. f4
Nf5 16. fxg5 Nxg3 17. hxg3 Nxg5 18. Bd3 b6 19. Nf3 Nxf3+ 20. gxf3 Bb7 21. Be4
Bxe4 22. Nxe4 Rad8 23. Kf2 Kh7 24. g4 Kg6 25. Rd2 Rc8 26. Rhd1 c5 27. Rd7 Rb8
28. Rc7 Rfc8 29. Rdd7 Rxc7 30. Rxc7 f6 31. Re7 f5 32. Rxe6+ Kf7 33. gxf5 Kf8
34. Nd6 Rd8 35. f6 g5 36. f7 h5 37. Re8+ 1-0

[Event "XIII Weekend A"]
[Site "Ivrea ITA"]
[Date "2008.03.15"]
[Round "3"]
[White "Vigliocco, Davide"]
[Black "Fortino, Fabrizio"]
[Result "0-1"]
[WhiteElo "1500"]
[BlackElo "2068"]
[PlyCount "110"]
[EventDate "2008.03.14"]

1. e4 c5 2. b4 cxb4 3. a3 d5 4. e5 Nc6 5. d4 g6 6. Ne2 Bg7 7. axb4 Nxb4 8. Ba3
Nc6 9. Nbc3 Nh6 10. Nf4 O-O 11. Nfxd5 Nf5 12. Bc5 Be6 13. Bc4 b6 14. Rxa7 Rxa7
15. Bxb6 Qd7 16. Bxa7 Qxa7 17. Nb5 Qa5+ 18. Qd2 Qxd2+ 19. Kxd2 Rd8 20. Nbc7
Bxd5 21. Nxd5 Nfxd4 22. c3 Nxe5 23. Ba2 Ndc6 24. Kc2 e6 25. f4 Ng4 26. h3 Nf2
27. Rf1 exd5 28. Rxf2 d4 29. f5 Rd7 30. f6 Bf8 31. Rd2 Rd6 32. Rd3 dxc3 33.
Rxc3 Nb4+ 34. Kb3 Nxa2 35. Kxa2 Rxf6 36. g4 h6 37. h4 Rf2+ 38. Kb3 Rh2 39. h5
gxh5 40. gxh5 Rxh5 41. Rg3+ Rg5 42. Rxg5+ hxg5 43. Kc3 f5 44. Kd3 Kg7 45. Ke3
Kg6 46. Kf3 g4+ 47. Kg3 Kg5 48. Kg2 f4 49. Kf2 Bc5+ 50. Kg2 f3+ 51. Kh1 f2 52.
Kg2 g3 53. Kf1 Kf4 54. Kg2 f1=Q+ 55. Kxf1 Kf3 0-1

[Event "XIII Weekend A"]
[Site "Ivrea ITA"]
[Date "2008.03.15"]
[Round "3"]
[White "Zunino, Davide"]
[Black "Marguerettaz, Davy"]
[Result "0-1"]
[WhiteElo "1969"]
[BlackElo "1978"]
[PlyCount "114"]
[EventDate "2008.03.14"]

1. d4 d5 2. Nf3 Nf6 3. e3 e6 4. Bd3 c5 5. b3 cxd4 6. exd4 Bb4+ 7. c3 Bd6 8. O-O
O-O 9. Nbd2 Qc7 10. Bb2 b6 11. Qe2 Bb7 12. Ne5 Nbd7 13. f4 g6 14. g4 Ne8 15.
Rae1 Ng7 16. Qg2 Rfd8 17. Nxd7 Rxd7 18. f5 e5 19. f6 Ne6 20. Bb5 e4 21. Bxd7
Qxd7 22. Re3 Nf4 23. Rxf4 Bxf4 24. Re2 Re8 25. Nf1 Qe6 26. g5 Ba6 27. Re1 Qf5
28. Ne3 Bxe3+ 29. Rxe3 Bd3 30. h4 Qf4 31. Qf2 Qxf2+ 32. Kxf2 Rc8 33. Re1 Kf8
34. Ke3 Ke8 35. Kf4 Kd7 36. Rh1 Ke6 37. h5 a5 38. hxg6 hxg6 39. Rc1 b5 40. Ba3
Rh8 41. Be7 Rh3 42. Bd8 a4 43. bxa4 bxa4 44. a3 Be2 45. Rc2 Bh5 46. Rf2 Rxc3
47. Be7 Rf3+ 48. Rxf3 exf3 49. Kg3 Kf5 50. Bd6 Kxg5 51. Be7 Kf5 52. Bd8 Ke4 53.
Kf2 Kxd4 54. Bb6+ Kd3 55. Be3 d4 56. Bf4 Kc2 57. Ke1 d3 0-1

[Event "XIII Weekend A"]
[Site "Ivrea ITA"]
[Date "2008.03.16"]
[Round "4"]
[White "Blundo, Michele"]
[Black "Castaldo, Antonio"]
[Result "1/2-1/2"]
[WhiteElo "1897"]
[BlackElo "1523"]
[PlyCount "86"]
[EventDate "2008.03.14"]

1. d4 Nf6 2. c4 g6 3. Nc3 Bg7 4. Nf3 O-O 5. Bg5 d6 6. e3 Nbd7 7. Bxf6 Nxf6 8.
g3 Bg4 9. Bg2 Qc8 10. h3 Bd7 11. Qc2 Bc6 12. d5 Bd7 13. e4 c6 14. Nd2 c5 15. f4
Nh5 16. Ne2 f5 17. exf5 Bxf5 18. Ne4 Nf6 19. N2c3 Re8 20. Qd2 Bh6 21. g4 Nxe4
22. Nxe4 Bxe4 23. Bxe4 e5 24. g5 Bg7 25. O-O-O exf4 26. Qxf4 Be5 27. Qf3 Qc7
28. Qd3 Qb6 29. b3 Qa5 30. Kb1 Qc3 31. Qxc3 Bxc3 32. Kc2 Be5 33. Bf3 Rf8 34.
Bg4 Rf4 35. Be6+ Kh8 36. h4 Raf8 37. h5 Rf2+ 38. Rd2 Rxd2+ 39. Kxd2 gxh5 40.
Rxh5 Kg7 41. Ke3 Kg6 42. Rh6+ Kg7 43. Rh4 Bd4+ 1/2-1/2

[Event "XIII Weekend A"]
[Site "Ivrea ITA"]
[Date "2008.03.16"]
[Round "4"]
[White "Bogatto, Mario"]
[Black "Vigliocco, Davide"]
[Result "1/2-1/2"]
[WhiteElo "1519"]
[BlackElo "1500"]
[PlyCount "66"]
[EventDate "2008.03.14"]

1. e4 e6 2. d4 d5 3. e5 c5 4. Nf3 Nc6 5. c3 Qb6 6. Be2 Bd7 7. O-O cxd4 8. cxd4
Nge7 9. Nc3 a6 10. Na4 Qa7 11. Nc5 b6 12. Nxd7 Qxd7 13. Bd2 Nf5 14. Bc3 Be7 15.
Bd3 O-O 16. Bxf5 exf5 17. a3 b5 18. b4 a5 19. Qd2 a4 20. Rfe1 Na7 21. Qe3 Qe6
22. Rac1 Nc8 23. Bb2 Nb6 24. Nd2 h6 25. f4 Rac8 26. Qe2 Rxc1 27. Rxc1 Qd7 28.
Rc3 Rc8 29. Qd3 Nc4 30. Nxc4 dxc4 31. Qe3 Qd5 32. Rc2 Rc6 33. Qf3 Qxf3 1/2-1/2

[Event "XIII Weekend A"]
[Site "Ivrea ITA"]
[Date "2008.03.16"]
[Round "4"]
[White "Crepaldi, Marco"]
[Black "Fortino, Fabrizio"]
[Result "0-1"]
[WhiteElo "1836"]
[BlackElo "2068"]
[PlyCount "60"]
[EventDate "2008.03.14"]

1. e4 c5 2. Nf3 Nc6 3. d4 cxd4 4. Nxd4 Nf6 5. Nc3 e5 6. Ndb5 d6 7. Bg5 a6 8.
Na3 b5 9. Nd5 Be7 10. Bxf6 Bxf6 11. c4 b4 12. Nc2 Rb8 13. b3 O-O 14. Be2 Bg5
15. Nde3 Kh8 16. Bg4 Be6 17. Nf5 Qd7 18. h4 Bd8 19. Nce3 Nd4 20. Nxd4 exd4 21.
Bxe6 fxe6 22. Qxd4 Bf6 23. Qd1 Bc3+ 24. Ke2 Bxa1 25. Qxa1 d5 26. exd5 exd5 27.
Qd4 Qf7 28. Nxd5 Rbe8+ 29. Kf1 Qf5 30. Qb2 Qd3+ 0-1